Name the Madonna Albums - Statistics

General Stats
  • This quiz has been taken 45 times
  • The average score is 18 of 23
Answer Stats
Hint Answer % Correct
1989 Like a Prayer
97%
1984 Like a Virgin
97%
1986 True Blue
97%
1994 Bedtime Stories
91%
1992 Erotica
91%
1983 Madonna
91%
1998 Ray of Light
91%
2005 Confessions on a Dance Floor
88%
2008 Hard Candy
85%
2000 Music
85%
2003 American Life
82%
2019 Madame X
82%
2012 MDNA
82%
1990 The Immaculate Collection
82%
2015 Rebel Heart
76%
2009 Celebration
71%
1996 Evita
71%
1990 I'm Breathless
71%
1987 Who's That Girl
65%
1995 Something to Remember
59%
2001 GHV2
50%
1987 You Can Dance
50%
2003 Remixed & Revisited
29%
No matching quizzes found
Score Distribution
Percent of People with Each Score
Percentile by Number Answered
Your Score History
You have not taken this quiz